| 000 | 00429nam a22001817a 4500 | ||
|---|---|---|---|
| 003 | NUST | ||
| 020 | _a9788131717189 | ||
| 038 | _aKhadija | ||
| 082 |
_a621.2 _bBEC |
||
| 100 |
_aBeckwith,Thomas G. _986853 |
||
| 245 |
_aMechanical Measurements / _cThomas G. Beckwith |
||
| 250 | _a 6th ed. | ||
| 260 |
_aNew Delhi: _bPearson; _c2011. |
||
| 300 |
_a783p. ; _b22 cm. |
||
| 500 | _aPaperback. | ||
| 563 | _aPB | ||
| 942 |
_cBK _2ddc |
||
| 999 |
_c32449 _d32449 |
||